000 00342nam a2200097Ia 4500
008 220120s9999||||xx |||||||||||||| ||und||
100 _aGrantha nanjappa, kaveramma, kirthan, rachitha
_912751
245 2 _aA Contextaware authentication framework for smart homes
260 _aCoorg Institute of Technology
_bPonnampet
650 _aCOMPUTER SCIENCE
999 _c138351
_d138351